“擀面皮”地点数量≥100的地级行政区 Prefectures with ≥100 "Ganmianpi" sites - Statistics

General Stats
  • This quiz has been taken 28 times
  • The average score is 13 of 24
Answer Stats
地级行政区 数量 % Correct
西安 871
92%
郑州 591
88%
洛阳 442
88%
咸阳 214
88%
渭南 120
88%
宝鸡 409
80%
延安 305
76%
兰州 122
72%
榆林 575
68%
三门峡 104
64%
安阳 138
60%
新乡 269
52%
焦作 267
52%
商丘 215
52%
许昌 210
40%
徐州 480
32%
南京 172
32%
乌鲁木齐 219
28%
合肥 196
28%
漯河 108
28%
苏州 174
24%
伊犁 115
16%
宿迁 487
12%
昌吉 171
12%
No matching quizzes found
Score Distribution
Percent of People with Each Score
Percentile by Number Answered
Your Score History
You have not taken this quiz